Thuế và pháp luật trong kinh doanh và hạch toán đối với mọi doanh nhân (Những quy định mới nhất áp dụng từ 1/1/1999)

Giới thiệu những quy định mới nhất trong pháp luật về thuế hiện hành như: thuế môn bài, thuế tiêu thụ đặc biệt, thuế giá trị gia tăng, thuế thu nhập doanh nghiệp, thuế xuất, nhập khẩu

Enregistré dans:
Détails bibliographiques
Auteur principal: Huỳnh, Viết Tấn
Format: Livre
Langue:Undetermined
Publié: Hà Nội Chính trị Quốc gia 1998
Sujets:
Tags: Ajouter un tag
Pas de tags, Soyez le premier à ajouter un tag!
Thư viện lưu trữ: Trung tâm Học liệu Trường Đại học Cần Thơ
LEADER 01035nam a2200217Ia 4500
001 CTU_27662
008 210402s9999 xx 000 0 und d
020 |c 44000 
082 |a 346.597063 
082 |b T121 
100 |a Huỳnh, Viết Tấn 
245 0 |a Thuế và pháp luật trong kinh doanh và hạch toán đối với mọi doanh nhân 
245 0 |b (Những quy định mới nhất áp dụng từ 1/1/1999) 
245 0 |c Huỳnh Viết Tấn 
260 |a Hà Nội 
260 |b Chính trị Quốc gia 
260 |c 1998 
520 |a Giới thiệu những quy định mới nhất trong pháp luật về thuế hiện hành như: thuế môn bài, thuế tiêu thụ đặc biệt, thuế giá trị gia tăng, thuế thu nhập doanh nghiệp, thuế xuất, nhập khẩu 
650 |a Accounting law,Commercial law,Vietnamese law 
904 |i Nguyên sửa 
980 |a Trung tâm Học liệu Trường Đại học Cần Thơ